000 nam a22 a 4500
999 _c2738
_d2738
003 AKMAL
005 20170517160453.0
008 170517s2000 xxu 00 eng d
020 _a0070016399
_cUSD 104.88
040 _aPNM
082 0 4 _a629.1 AND
090 0 0 _a629.1
_bAND
100 1 _aAnderson, John David
_95778
245 1 0 _aIntroduction to flight /
_cJohn D. Anderson
250 _a4th ed.
260 _aBoston, MA :
_bMcGraw-Hill,
_c2000
300 0 0 _axviii, 766p. :
_bill. ;
_c24cm
500 _aIncludes index
650 0 _aAerodynamics
_95779
650 0 _aAirplanes
_xDesign and construction
_95780
942 _2ddc
_cBOOK